00850nam a22002057a 450000500170000001000150001702000270003203500140005903700090007308200130008224501390009526000560023427000590029030000200034970000340036970000400040394200240044399900190046795201580048620251216112337.0 aENG-147307 a9788194530534c1200.00 aEN-130839 bDBAD a658.321 aBuilding sustainability in India's North Eastern : bchallenges and opportunities /cEdited by - Sabyasachi Mahanta [and] Rimjim Borah aAssambGargaon Collega, Simaluguri Sivasagarc2025 aGurgaon College, Simaluguri Sivasagar, bAssame785686 a301p.c22cm(hb) aBorah, Rimjim 984700eEditor aMahanta, Sabyasachi eEditor986107 2ddccENh658.3mBUI c213939d213939 001040708NFICaZLSbZLSd2025-12-16eDelivery of Books Act Divisiong1200.00l0o658.3 BUIpEN-130839r2025-12-16 00:00:00t1v1200.00w2025-12-16yEN